Statystyki dla 40 największych katastrof lotniczych

Kliknij tutaj aby rozwiązać quiz!

Ogólne statystyki

  • Ten quiz został rozwiązany 125 razy
  • Średni wynik to 25 z 40

Statystyki odpowiedzi

lpKrajLiczba ofiarSamolotPrzyczyna% Poprawnych
21Stany Zjednoczone230Boeing 747Eksplozja zbiornika z paliwem
96%
9Stany Zjednoczone265DC-10Odpadnięcie lewego silnika (nieprawidłowa procedura serwisowa)
96%
34Stany Zjednoczone189Boeing 757Zamach terrorystyczny (11 września Pentagon)
96%
28Stany Zjednoczone217Boeing 767Celowy lot ku ziemi (samobójstwo drugiego pilota)
96%
12Stany Zjednoczone265Airbus A300Zderzenie z ziemią (Błąd pilota)
96%
38Hiszpania181Boeing 747Awaria nawigacji i uderzenie samolotu we wzgórze
92%
1Hiszpania5832x Boeing 747Zderzenie samolotów na płycie lotniska (błedy załogi)
92%
13Japonia264Airbus A300Zderzenie z ziemią {Błąd pilota (Przeciągnięcie)}
86%
2Japonia520Boeing 747Kolizja z ziemią dekompresja kabiny
86%
39Francja180MD-81Błąd pilota, błąd kontrolera
85%
4Francja346DC-10Oderwanie drzwi luku bagażowego (utrata sterowności)
85%
3Indie349Boeing 747, IIjuszynZderzenie samolotów w powietrzu
82%
29Indie213Boeing 747Awaria przyrządów
82%
7Ukraina298Boeing 777Zamach (Zestrzelenie pociskiem Ziemia-powietrze)
82%
22Kanada229MD-11Stopienie i zapalenie przewodu nad kokpitem
81%
17Kanada256DC-8Gwałtowny spadek siły nośnej spowodowany nadmierną wagą maszyny
81%
24Brazylia228Airbus A330Błąd pilota, zamarznięcie rurek Pitota
77%
32Brazylia199Airbus A320Wypadnięcie samolotu z pasa startowego (błąd pilota)
77%
37Polska183IIjuszynAwaria silnika, pożar i utrata sterowności nad samolotem
74%
10Wielka Brytania270Boeing 747Zamach terrorystyczny
69%
18Malezja239Boeing 777Samolot nieodnaleziony od 2014
63%
8Iran290Airbus A300Zestrzelenie pociskiem
60%
26Egipt224Airbus A321Zamach terrorystyczny
59%
6Arabia Saudyjska301LockheedPożar na pokładzie
58%
14Arabia Saudyjska261DC-8Zderzenie z ziemią (Pożar na pokładzie spowodowany błędem obsługi technicznej samolotu)
58%
36Indonezja189Boeing 737 maxAwaria systemu MCAS
56%
20Indonezja234Airbus A300Błąd kontroli lotów
56%
5Irlandia329Boeing 747Zamach terrorystyczny
50%
27Tajlandia223Boeing 767Niekontrolowane włączenie się odwracacza ciągu podczas lotu
46%
40ZSRR1782xTupolew TU-134Zderzenie samolotów, błąd kontrolera
34%
11ZSRR269Boeing 747Zestrzelenie samolotu
34%
31ZSRR200Tupolew Tu 154BBłąd pilota
34%
25Tajwan225Boeing 747Dekompresja kadłuba (błąd obsługi naziemnej)
28%
30Tajwan203Airbus A300Błąd pilota
28%
16Algieria257IIjuszynNieznana (w trakcie badania)
26%
19Demokratyczna republika konga237Antonow AN32-BWypadnięcie samolotu z pasa startowego (błąd pilota, przeładowanie)
26%
15Antarktyda257DC-10Zderzenie z wulkanem (usterka techniczna)
15%
35Dominikana189Boeing 757Przeciągnięcie spowodowane błędem autopilota i pilota i zablokowanie rurek pitota
14%
33Sri Lanka191DC-8Zderzenie z górą
12%
23Guam228Boeing 747Złe warunki atmosferyczne
6%

Rozkład punktacji

Percentyl według liczby udzielonych odpowiedzi

Procent ludzi z każdym wynikiem

Twoja historia wyników

Nie rozwiązałeś tego quizu